01004nam a2200253 a 4500001001000000003000500010005001700015008004100032010001100073011001100084040000900095100002700104245016800131260004100299500006000340502009900400650003500499650002300534650004100557650003700598650002900635856001600664856007000680000113038CHAP20220329144334.0170327s2016 mx sm |||||||spa d a109499 a110471 cCHAP1 aChi Can, Julio César10aMedición de parámetros de temperatura, ruido y vibración en el comportamiento del operador de un tractor agrícolah[En línea]cpor Julio César Chi Can. aChapingo, Méx. :bEl autor,c2016. aPara ver el contenido del material haga clic en la liga aTesis (Ing. Mecánico Agrícola) -- UACH. Departamento de Ingeniería Mecánica Agrícola14aRuidoxEfectos fisiológicos.14aRuidoxMedición.14aTemperaturaxEfectos fisiológicos.14aTractoresxMedidas de seguridad.14aVibraciónxMediciones. a1 n0001597 aFinding aiduhttp://10.13.5.2/tesis/sist113038.pdfzTeclea aquí